000 00428nam a2200169 a 4500
001 13723
003 CO-ViMGA
008 141112s2004 ck r 000 u spa d
020 _a8482802054
040 _aCO-ViMGA
_bspa
_cCO-ViMGA
082 0 4 _aALIa
245 1 0 _aAli baba y los cuarenta ladrones
260 _aSantafé de Bogotá :
_bOveja Negra,
_cs.f.
300 _a12
650 1 4 _aCUENTOS INFANTILES
_92743
942 _2ddc
_cBK
999 _c24443
_d24443